00654 2200229 4500001002100000005001500021035002000036007000300056008004100059020001800100082001000118084001600128100001900144245012000163260004200283300002900325650001200354700001600366700001800382990001200400990001200412INLIS00000000000264220181226110205 a0010-1218000201ta181226 g 1 ind  a9786024554040 a398.2 a398.2 PUN d0 aPUNTER, Russel1 aDongeng Pertamaku: Chicken Licken (Level 3) /cRussel Punter; pengalih bahasa, Andi Wahyu; penyunting, Putri Sastra aJakarta :bBhuana Ilmu Populer,c2018 a48 hlm. :bilus ;c20 cm aDONGENG0 aANDI, Wahyu0 aPUTRI, Sastra a16929 a a16929 b